[Event "Olympiad-43"]
[Site "Batumi"]
[Date "2018.09.24"]
[Round "1.25"]
[White "Notha, Moakofi"]
[Black "Skoberne, Jure"]
[Result "0-1"]
[WhiteElo "2071"]
[BlackElo "2565"]
[PlyCount "80"]
[EventDate "2018.09.24"]
[EventType "team-swiss"]
[EventRounds "11"]
[EventCountry "GEO"]
[SourceTitle "CBM 187"]
[Source "ChessBase"]
[SourceDate "2018.12.11"]
[SourceVersion "1"]
[SourceVersionDate "2018.12.11"]
[SourceQuality "1"]
[WhiteTeam "Botswana"]
[BlackTeam "Slovenia"]
[WhiteTeamCountry "BOT"]
[BlackTeamCountry "SLO"]

1. e4 c5 2. Nf3 Nc6 3. d3 g6 4. g3 Bg7 5. Bg2 e5 6. 0-0 Nge7 7. Be3 d6 8. Qc1 h6 9. Nbd2 0-0 10. Nc4 Kh7 11. a4 b6 12. c3 Be6 13. b3 Rc8 14. Rb1 d5 15. exd5 Nxd5 16. Bd2 Bf5 17. Ne1 Nf6 18. Qc2 Qd7 19. Ne3 Bh3 20. Bxh3 Qxh3 21. f3 Na5 22. Rf2 Qd7 23. Re2 Rfe8 24. Kg2 Nh5 25. Rd1 Nf4+ 26. Kf2 Nxe2 27. Kxe2 Qh3 28. Nf1 f5 29. Kf2 e4 30. dxe4 fxe4 31. f4 Qe6 32. Rb1 c4 33. b4 Nb3 34. Be3 Rcd8 35. Ng2 Rd3 36. Qe2 Bxc3 37. g4 Nd4 38. Bxd4 Bxd4+ 39. Nge3 Rf8 40. Kg3 Rxf4 0-1

[Event "BOT-ch op"]
[Site "Gaborone"]
[Date "2018.03.30"]
[Round "2.2"]
[White "Oratile, Kgotlane"]
[Black "Notha, Moakofi"]
[Result "1/2-1/2"]
[WhiteElo "1776"]
[BlackElo "2033"]
[PlyCount "60"]
[EventDate "2018.03.30"]
[EventType "tourn"]
[EventRounds "9"]
[EventCountry "BOT"]
[SourceTitle "EXT 2024"]
[Source "ChessBase"]
[SourceDate "2023.10.10"]
[SourceVersion "1"]
[SourceVersionDate "2023.10.10"]
[SourceQuality "1"]

1. e4 e5 2. Nf3 Nc6 3. Bc4 Bc5 4. 0-0 Nf6 5. d4 Bxd4 6. Nxd4 Nxd4 7. f4 d6 8. fxe5 dxe5 9. Bg5 Be6 10. Na3 Qe7 11. Bxf6 gxf6 12. c3 Bxc4 13. Nxc4 Ne6 14. Kh1 Rg8 15. Ne3 Rg6 16. Nd5 Qd8 17. Nxf6+ Kf8 18. Nd7+ Kg8 19. Nxe5 Rg7 20. Qxd8+ Rxd8 21. Rad1 Rxd1 22. Rxd1 Rg5 23. Nf3 Rg4 24. e5 Re4 25. Kg1 Kf8 26. Kf2 Ke7 27. g3 h6 28. b3 Rg4 29. Ke3 Nc5 30. Rd4 Rg6 1/2-1/2

[Event "Olympiad-42"]
[Site "Baku"]
[Date "2016.09.08"]
[Round "6.3"]
[White "Notha, Moakofi"]
[Black "Sohib, Okla"]
[Result "0-1"]
[WhiteElo "2119"]
[BlackElo "2153"]
[PlyCount "184"]
[EventDate "2016.09.02"]
[EventType "team-swiss"]
[EventRounds "11"]
[EventCountry "AZE"]
[SourceTitle "CBM 175"]
[Source "ChessBase"]
[SourceDate "2016.11.10"]
[SourceVersion "1"]
[SourceVersionDate "2016.11.10"]
[SourceQuality "1"]
[WhiteTeam "Botswana"]
[BlackTeam "Syria"]
[WhiteTeamCountry "BOT"]
[BlackTeamCountry "SYR"]

1. e4 e5 2. Bb5 a6 3. Ba4 Nc6 4. f4 Nf6 5. Nf3 Nxe4 6. fxe5 Nc5 7. Bb3 Nxb3 8. axb3 d6 9. exd6 Bxd6 10. 0-0 Bc5+ 11. Kh1 0-0 12. d3 Bg4 13. c3 Ne5 14. d4 Nxf3 15. gxf3 Bh5 16. Nd2 Be7 17. Ne4 Bg6 18. Bf4 Re8 19. Qd2 Bh4 20. Nc5 Qc8 21. Qg2 b6 22. Ne4 Qb7 23. Ng3 c5 24. Rad1 cxd4 25. Rxd4 Bf6 26. Rd2 Rad8 27. b4 Rxd2 28. Bxd2 h5 29. Re1 Rxe1+ 30. Bxe1 Qd5 31. Bf2 Qd1+ 32. Bg1 h4 33. Qe2 Qd5 34. Ne4 Bd8 35. Bd4 h3 36. Kg1 b5 37. Ng3 Bc7 38. Kf2 f6 39. Nf1 Bd6 40. Ke1 Bh5 41. Kf2 Bg6 42. Ng3 Bxb4 43. Qf1 Bc5 44. Ne2 Qh5 45. Nf4 Qh4+ 46. Ke3 Bxd4+ 47. cxd4 Bf5 48. Qa1 Qg5 49. b4 Kh7 50. Qc1 Bg6 51. Qf1 Bf5 52. Qc1 Bd7 53. Kf2 Qf5 54. Qc7 Kh6 55. Qb8 Kh7 56. Qc7 g5 57. Ne2 Kg6 58. Qd6 Qe6 59. Qc5 Bc6 60. Nc3 Bb7 61. Qc7 Qc6 62. Qxc6 Bxc6 63. d5 Bd7 64. Ne4 Kf7 65. Ke3 Ke7 66. Kd4 Bf5 67. Ng3 Bc2 68. Kc5 Bd1 69. d6+ Kd8 70. Ne4 Bxf3 71. Nxf6 g4 72. Nh5 Kd7 73. Ng3 Bd1 74. Kd5 Bb3+ 75. Ke5 Bc2 76. Kd5 Bb3+ 77. Ke5 Bf7 78. Ne4 Kc6 79. Nf2 g3 80. hxg3 h2 81. g4 Be8 82. g5 a5 83. bxa5 b4 84. a6 b3 85. a7 Kb7 86. g6 b2 87. g7 b1Q 88. a8Q+ Kxa8 89. g8Q Qb2+ 90. Ke4 Qe2+ 91. Kd4 Qxf2+ 92. Kc4 Qa2+ 0-1

[Event "Olympiad-41"]
[Site "Tromsoe"]
[Date "2014.08.08"]
[Round "6.4"]
[White "Notha, Moakofi"]
[Black "Smirnov, Anton"]
[Result "0-1"]
[WhiteElo "2070"]
[BlackElo "2334"]
[PlyCount "100"]
[EventDate "2014.08.02"]
[EventType "team-swiss"]
[EventRounds "11"]
[EventCountry "NOR"]
[SourceTitle "CBM 162"]
[Source "ChessBase"]
[SourceDate "2014.09.17"]
[SourceVersion "1"]
[SourceVersionDate "2014.09.17"]
[SourceQuality "1"]
[WhiteTeam "Botswana"]
[BlackTeam "Australia"]
[WhiteTeamCountry "BOT"]
[BlackTeamCountry "AUS"]

1. e4 c5 2. Nf3 d6 3. d4 cxd4 4. Nxd4 Nf6 5. Nc3 a6 6. Be3 e5 7. Nb3 Be6 8. f3 Nbd7 9. Qd2 h5 10. h3 Qc7 11. 0-0-0 h4 12. Bd3 Be7 13. Kb1 Rc8 14. f4 b5 15. Rhe1 Nb6 16. Bxb6 Qxb6 17. Nd5 Qa7 18. Qa5 0-0 19. Bxb5 Bxd5 20. exd5 Qf2 21. Re2 Qxf4 22. Qxa6 Ne4 23. Bc6 Rb8 24. Qa7 Bg5 25. Rde1 f5 26. a4 Ng3 27. Rf2 Qb4 28. Qa5 Qc4 29. Qc7 Ne4 30. Rfe2 Qb4 31. Rd1 Rf7 32. Rxe4 Rxc7 33. Rxb4 Rxb4 34. Ka2 Ra7 35. c3 Rbxa4+ 36. Bxa4 Rxa4+ 37. Kb1 Rf4 38. Nd2 Kf7 39. Nf3 Bf6 40. Ne1 Rf2 41. Rc1 Re2 42. Nc2 Rxg2 43. Ne3 Rf2 44. Rf1 Rxf1+ 45. Nxf1 Bg5 46. Kc2 e4 47. Kd1 Bf4 48. b4 g5 49. b5 Ke7 50. Ke2 g4 0-1

[Event "Olympiad-41"]
[Site "Tromsoe"]
[Date "2014.08.04"]
[Round "3.4"]
[White "Notha, Moakofi"]
[Black "Madrigal, Mariano"]
[Result "1/2-1/2"]
[WhiteElo "2070"]
[BlackElo "2156"]
[PlyCount "70"]
[EventDate "2014.08.02"]
[EventType "team-swiss"]
[EventRounds "11"]
[EventCountry "NOR"]
[SourceTitle "CBM 162"]
[Source "ChessBase"]
[SourceDate "2014.09.17"]
[SourceVersion "1"]
[SourceVersionDate "2014.09.17"]
[SourceQuality "1"]
[WhiteTeam "Botswana"]
[BlackTeam "Nicaragua"]
[WhiteTeamCountry "BOT"]
[BlackTeamCountry "NCA"]

1. c4 c5 2. Nf3 g6 3. g3 Bg7 4. Bg2 Nc6 5. Nc3 e6 6. 0-0 Nge7 7. e3 Nf5 8. Ne2 d5 9. cxd5 exd5 10. d4 cxd4 11. Nfxd4 Nfxd4 12. Nxd4 Nxd4 13. exd4 0-0 14. Be3 Be6 15. Qb3 Qd7 16. Rfc1 Rac8 17. Qa3 b6 18. b3 h5 19. h4 Rfe8 20. Rxc8 Rxc8 21. Rc1 Rc7 22. Qb2 Qc8 23. Rxc7 Qxc7 24. Bf4 Qc6 25. Qd2 Kh7 26. Kh2 Bf5 27. Be5 Bxe5 28. dxe5 Be6 29. f4 Kg7 30. f5 Bxf5 31. Bxd5 Qc2 32. Qxc2 Bxc2 33. Kg2 f6 34. exf6+ Kxf6 35. Kf3 Ke5 1/2-1/2

[Event "Commonwealth & RSA op"]
[Site "Port Elizabeth"]
[Date "2013.07.09"]
[Round "5"]
[White "Darling, Paul D"]
[Black "Notha, Moakofi"]
[Result "1/2-1/2"]
[WhiteElo "1761"]
[BlackElo "2079"]
[PlyCount "86"]
[EventDate "2013.07.06"]
[EventType "swiss"]
[EventRounds "11"]
[EventCountry "RSA"]
[SourceTitle "CBM 155 Extra"]
[Source "ChessBase"]
[SourceDate "2013.08.26"]
[SourceVersion "1"]
[SourceVersionDate "2013.08.26"]
[SourceQuality "1"]

1. e4 e5 2. Nf3 Nc6 3. Bb5 a6 4. Ba4 Nf6 5. d3 b5 6. Bb3 Be7 7. 0-0 d6 8. c3 Na5 9. Bc2 c5 10. Nbd2 0-0 11. Re1 Re8 12. Nf1 Qc7 13. h3 Nb7 14. d4 Na5 15. Bg5 Kh8 16. Bh4 Ng8 17. Bg3 Bf6 18. Ne3 Bb7 19. dxe5 dxe5 20. Qe2 g6 21. Rad1 c4 22. Nd5 Qb8 23. Nxf6 Nxf6 24. Bh4 Kg7 25. Qe3 Nh5 26. Qb6 Nc6 27. Rd7 Ra7 28. Red1 h6 29. a4 Re6 30. Qc5 Bc8 31. R7d6 Rc7 32. Rxe6 Bxe6 33. Nxe5 Ne7 34. Qd4 f6 35. Bg3 Qb7 36. axb5 axb5 37. Nf3 Rd7 38. Qe3 Rxd1+ 39. Bxd1 b4 40. Nd4 Bf7 41. cxb4 Qxb4 42. Qc3 Qxc3 43. bxc3 g5 1/2-1/2

[Event "Commonwealth & RSA op"]
[Site "Port Elizabeth"]
[Date "2013.07.07"]
[Round "3"]
[White "Tkachiev, Vladislav"]
[Black "Notha, Moakofi"]
[Result "1-0"]
[WhiteElo "2649"]
[BlackElo "2079"]
[PlyCount "137"]
[EventDate "2013.07.06"]
[EventType "swiss"]
[EventRounds "11"]
[EventCountry "RSA"]
[SourceTitle "CBM 155 Extra"]
[Source "ChessBase"]
[SourceDate "2013.08.26"]
[SourceVersion "1"]
[SourceVersionDate "2013.08.26"]
[SourceQuality "1"]

1. Nf3 d5 2. d4 Nf6 3. c4 c6 4. e3 a6 5. Bd2 Nbd7 6. Nc3 g6 7. Rc1 Bg7 8. cxd5 cxd5 9. Qb3 e6 10. Bd3 0-0 11. 0-0 b6 12. Na4 Ne4 13. Bb4 Re8 14. Qc2 Bb7 15. Qc7 Rb8 16. Qxd8 Rexd8 17. Rc7 Bf8 18. Bxf8 Kxf8 19. Rfc1 Nef6 20. Ne5 Nxe5 21. dxe5 Nd7 22. f4 Rdc8 23. R1c3 Rxc7 24. Rxc7 Ke8 25. Kf2 Kd8 26. Rc1 Rc8 27. Rxc8+ Bxc8 28. Nc3 Bb7 29. Ne2 Nc5 30. Bc2 a5 31. a3 Ba6 32. b4 axb4 33. axb4 Nd3+ 34. Bxd3 Bxd3 35. Nc3 Kd7 36. g4 h6 37. h4 Kc6 38. Ke1 Bc4 39. Kd2 Kd7 40. g5 h5 41. Nb1 Kc6 42. Kc3 Bf1 43. Nd2 Be2 44. Nb3 Kd7 45. Nd4 Bf1 46. Kb3 Bd3 47. Ka4 Kc7 48. Ka3 Kd7 49. Kb2 Bf1 50. Kc3 Kc7 51. f5 Kd7 52. f6 Ba6 53. Kb3 Bc4+ 54. Ka4 Bd3 55. Nb5 Bxb5+ 56. Kxb5 Kc7 57. Ka6 Kc6 58. Ka7 Kb5 59. Kb7 Kxb4 60. Kxb6 Kc3 61. Kc5 Kd3 62. Kd6 Kxe3 63. Ke7 d4 64. Kxf7 d3 65. Kxg6 d2 66. f7 d1Q 67. f8Q Qg4 68. Kh6 Qxh4 69. g6 1-0

[Event "African Games op 10th"]
[Site "Maputo"]
[Date "2011.09.06"]
[Round "2.3"]
[White "Thompson, Edward Nii Lamptey"]
[Black "Notha, Moakofi"]
[Result "0-1"]
[WhiteElo "1848"]
[BlackElo "2098"]
[PlyCount "102"]
[EventDate "2011.09.05"]
[EventType "team-swiss"]
[EventRounds "9"]
[EventCountry "MOZ"]
[SourceTitle "CBM 144 Extra"]
[Source "ChessBase"]
[SourceDate "2011.10.28"]
[SourceVersion "1"]
[SourceVersionDate "2011.10.28"]
[SourceQuality "1"]
[WhiteTeam "Ghana"]
[BlackTeam "Botswana"]
[WhiteTeamCountry "GHA"]
[BlackTeamCountry "BOT"]

1. e4 e5 2. Nf3 Nc6 3. Bb5 a6 4. Ba4 Nf6 5. 0-0 Be7 6. Re1 b5 7. Bb3 d6 8. h3 0-0 9. c3 Na5 10. Bc2 c5 11. d4 Qc7 12. Bg5 Re8 13. Nbd2 Nc6 14. d5 Nb8 15. a4 Ra7 16. Qe2 Rb7 17. axb5 axb5 18. Ra2 Nbd7 19. Rea1 Nf8 20. b3 Ng6 21. Ra6 Bd7 22. Nf1 h6 23. Be3 Nh5 24. Qd2 Nhf4 25. Ng3 Bf8 26. Nf5 Reb8 27. g3 Nh5 28. Kh2 b4 29. c4 Rb6 30. R6a5 Qc8 31. Qe2 Nf6 32. N3h4 Nxh4 33. gxh4 Bxf5 34. exf5 e4 35. Rg1 Kh8 36. f3 Qxf5 37. fxe4 Qe5+ 38. Kh1 Nxe4 39. Qg2 Nf6 40. Bc1 Re8 41. Bd3 Qd4 42. Bf5 Qxh4 43. Bb2 Rb7 44. Ra6 Rd8 45. Raa1 Re7 46. Raf1 Ra8 47. Bb1 Nh5 48. Rf3 Kg8 49. Qd2 Rae8 50. Qxh6 Ng3+ 51. Rfxg3 Qxh6 0-1

[Event "Commonwealth-ch RSA op"]
[Site "Gauteng"]
[Date "2011.07.02"]
[Round "10"]
[White "Notha, Moakofi"]
[Black "Swati, Ghate"]
[Result "0-1"]
[WhiteElo "2123"]
[BlackElo "2317"]
[PlyCount "77"]
[EventDate "2011.06.25"]
[EventType "swiss"]
[EventRounds "11"]
[EventCountry "RSA"]
[SourceTitle "CBM 143 Extra"]
[Source "ChessBase"]
[SourceDate "2011.08.29"]
[SourceVersion "1"]
[SourceVersionDate "2011.08.29"]
[SourceQuality "1"]

1. e4 c5 2. Nc3 e6 3. g3 d5 4. exd5 exd5 5. Bg2 d4 6. Nce2 Nf6 7. d3 Be7 8. Nf3 0-0 9. 0-0 Nc6 10. Re1 Bf5 11. Nh4 Bd7 12. Nf3 h6 13. h3 Re8 14. Kh2 Bf8 15. Bd2 a5 16. Neg1 Qb6 17. Rb1 a4 18. Rxe8 Rxe8 19. Be1 Be6 20. c4 dxc3 21. bxc3 Qa6 22. c4 Rc8 23. Qe2 Bf5 24. Ra1 b5 25. Bf1 b4 26. Qb2 a3 27. Qb1 Nd7 28. Nh4 Bh7 29. Ng2 Nb6 30. Ne3 Be7 31. Nf3 Bf6 32. Qb3 Na5 33. Qc2 Nc6 34. Qc1 Bb2 35. Qc2 Qa4 36. Qxa4 Nxa4 37. Nd5 Nc3 38. Bxc3 bxc3 39. Ne1 0-1

[Event "BOT-ch"]
[Site "Gaborone"]
[Date "2011.04.21"]
[Round "1"]
[White "Chaka, Jona"]
[Black "Notha, Moakofi"]
[Result "1/2-1/2"]
[WhiteElo "2128"]
[BlackElo "2064"]
[PlyCount "92"]
[EventDate "2011.04.21"]
[EventType "tourn"]
[EventRounds "9"]
[EventCountry "BOT"]
[SourceTitle "CBM 142 Extra"]
[Source "ChessBase"]
[SourceDate "2011.06.27"]
[SourceVersion "1"]
[SourceVersionDate "2011.06.27"]
[SourceQuality "1"]

1. e4 e5 2. Nf3 Nc6 3. Bc4 Bc5 4. 0-0 Nf6 5. c3 Qe7 6. d4 Bb6 7. Bg5 d6 8. a4 a6 9. a5 Ba7 10. b4 h6 11. Bxf6 Qxf6 12. b5 Ne7 13. bxa6 bxa6 14. Qd3 0-0 15. Nbd2 Ng6 16. g3 c6 17. Rfc1 Bb8 18. Qe3 Bc7 19. Bf1 Be6 20. Nc4 Bxc4 21. Bxc4 Qd8 22. dxe5 dxe5 23. Rd1 Qf6 24. h4 Rfd8 25. h5 Rxd1+ 26. Rxd1 Nf8 27. Kg2 Bxa5 28. Ra1 Bd8 29. Rxa6 Rxa6 30. Bxa6 Ne6 31. Bc4 Ng5 32. Nxg5 hxg5 33. Qa7 Be7 34. Qd7 Bf8 35. Qe8 c5 36. Qd7 Be7 37. Bd5 Bf8 38. Kf1 Qf3 39. Kg1 Qf6 40. c4 Be7 41. Kf1 Bf8 42. Ke1 Be7 43. Qe8+ Bf8 44. Qd7 Be7 45. f3 Bf8 46. Qc8 Qb6 1/2-1/2

[Event "Gaborone zt 4.3"]
[Site "Gaborone"]
[Date "2011.04.07"]
[Round "7"]
[White "Ranaivoharisoa, Alain"]
[Black "Notha, Moakofi"]
[Result "0-1"]
[WhiteElo "2147"]
[BlackElo "2071"]
[PlyCount "86"]
[EventDate "2011.04.01"]
[EventType "swiss"]
[EventRounds "9"]
[EventCountry "BOT"]
[SourceTitle "EXT 2015"]
[Source "ChessBase"]
[SourceDate "2014.11.20"]
[SourceVersion "1"]
[SourceVersionDate "2014.11.20"]
[SourceQuality "1"]

1. e4 e5 2. Nf3 Nc6 3. Bb5 a6 4. Ba4 Nf6 5. 0-0 Be7 6. Re1 b5 7. Bb3 d6 8. c3 0-0 9. h3 Na5 10. Bc2 c5 11. d4 Qc7 12. Nbd2 Bd7 13. d5 c4 14. Nf1 Rfe8 15. N3h2 Nb7 16. g4 g6 17. Ng3 Kg7 18. f4 Ng8 19. Qf3 exf4 20. Bxf4 Bf6 21. Rf1 Nd8 22. Rf2 Be5 23. Be3 f6 24. a3 Nf7 25. h4 Rf8 26. Rg2 a5 27. Nf5+ Kh8 28. Nd4 b4 29. axb4 axb4 30. Rxa8 Rxa8 31. g5 Ra1+ 32. Nf1 bxc3 33. bxc3 Qc8 34. h5 Bh3 35. hxg6 hxg6 36. gxf6 Bxg2 37. Qxg2 Nxf6 38. Ne6 Qg8 39. Bd4 g5 40. Kf2 Qh7 41. Ke3 Qh4 42. Ng3 Bf4+ 43. Ke2 Qg4+ 0-1

[Event "Gaborone zt 4.3"]
[Site "Gaborone"]
[Date "2011.04.06"]
[Round "6"]
[White "Notha, Moakofi"]
[Black "Domingos, Catarino"]
[Result "0-1"]
[WhiteElo "2071"]
[BlackElo "2233"]
[PlyCount "92"]
[EventDate "2011.04.01"]
[EventType "swiss"]
[EventRounds "9"]
[EventCountry "BOT"]
[SourceTitle "EXT 2015"]
[Source "ChessBase"]
[SourceDate "2014.11.20"]
[SourceVersion "1"]
[SourceVersionDate "2014.11.20"]
[SourceQuality "1"]

1. e4 e6 2. d4 c5 3. Nf3 cxd4 4. Nxd4 a6 5. g3 d6 6. Bg2 Nf6 7. 0-0 Qc7 8. b3 Be7 9. c4 Nbd7 10. Bb2 Rb8 11. Nc3 b6 12. f4 Bb7 13. f5 e5 14. Nc2 b5 15. cxb5 axb5 16. Kh1 Qb6 17. Qe2 b4 18. Na4 Qa5 19. Qe1 Qa8 20. Nxb4 Bxe4 21. Bxe4 Nxe4 22. Kg1 Ng5 23. h4 Nf3+ 24. Rxf3 Qxf3 25. Qc3 Qb7 26. Nc2 0-0 27. Ne3 Rfc8 28. Qe1 Nf6 29. Rd1 Ra8 30. Qe2 h5 31. Nc4 Ra6 32. Bc1 Ne4 33. Qd3 Nc5 34. Nxc5 dxc5 35. Qe2 Rca8 36. Rd2 e4 37. Rc2 Qd5 38. Bf4 Qxf5 39. a4 Rg6 40. Kh2 Rd8 41. Rd2 Rxd2 42. Nxd2 Bxh4 43. Qxe4 Qxe4 44. Nxe4 Be7 45. a5 Re6 46. Nd2 g5 0-1

[Event "Gaborone zt 4.3"]
[Site "Gaborone"]
[Date "2011.04.04"]
[Round "4"]
[White "Notha, Moakofi"]
[Black "Solomon, Kenny"]
[Result "1-0"]
[WhiteElo "2071"]
[BlackElo "2450"]
[PlyCount "59"]
[EventDate "2011.04.01"]
[EventType "swiss"]
[EventRounds "9"]
[EventCountry "BOT"]
[SourceTitle "EXT 2015"]
[Source "ChessBase"]
[SourceDate "2014.11.20"]
[SourceVersion "1"]
[SourceVersionDate "2014.11.20"]
[SourceQuality "1"]

1. e4 d6 2. Nf3 Nf6 3. c3 g6 4. g3 Bg7 5. Bg2 0-0 6. d3 c5 7. 0-0 Nc6 8. Nbd2 e5 9. a4 h6 10. Nc4 Be6 11. Nfd2 d5 12. exd5 Bxd5 13. Qe2 Nh7 14. Ne4 Qe7 15. f4 exf4 16. Bxf4 Rfe8 17. Qf2 Red8 18. Bd6 Rxd6 19. Nexd6 Bxg2 20. Kxg2 Rf8 21. Rae1 Qd7 22. Qxc5 Ng5 23. d4 b6 24. Qd5 Nd8 25. Ne5 Bxe5 26. Rxe5 Qxa4 27. Re7 Qc2+ 28. Rf2 Qd3 29. h4 Nge6 30. Nxf7 1-0

[Event "Gaborone zt 4.3"]
[Site "Gaborone"]
[Date "2011.04.02"]
[Round "2"]
[White "Notha, Moakofi"]
[Black "Pascoal, Eduardo A"]
[Result "1/2-1/2"]
[WhiteElo "2071"]
[BlackElo "2225"]
[PlyCount "73"]
[EventDate "2011.04.01"]
[EventType "swiss"]
[EventRounds "9"]
[EventCountry "BOT"]
[SourceTitle "EXT 2015"]
[Source "ChessBase"]
[SourceDate "2014.11.20"]
[SourceVersion "1"]
[SourceVersionDate "2014.11.20"]
[SourceQuality "1"]

1. e4 e6 2. d3 d5 3. Nd2 Nf6 4. g3 b6 5. Bg2 Bb7 6. e5 Nfd7 7. Ngf3 c5 8. 0-0 Nc6 9. Re1 Be7 10. Nf1 0-0 11. h4 Re8 12. N1h2 a5 13. Bf4 f5 14. Ng5 Nf8 15. Qh5 Bxg5 16. Bxg5 Qc7 17. Qe2 Nd4 18. Qd2 Rac8 19. c3 Nc6 20. Bf4 Qf7 21. Bf3 Rcd8 22. Qe2 Ng6 23. Bh5 Kf8 24. Qd1 d4 25. c4 Qc7 26. Bxg6 hxg6 27. Nf3 Nb4 28. Ng5 Qc6 29. f3 Ke7 30. Kf2 Rh8 31. a3 Na6 32. Nh3 Rc8 33. Bg5+ Kf7 34. Nf4 Nb8 35. g4 Rce8 36. h5 fxg4 37. fxg4 1/2-1/2

[Event "Gaborone op"]
[Site "Gaborone"]
[Date "2010.12.12"]
[Round "6"]
[White "Chandna, Shubham"]
[Black "Notha, Moakofi"]
[Result "0-1"]
[WhiteElo "1859"]
[BlackElo "2029"]
[PlyCount "78"]
[EventDate "2010.12.10"]
[EventType "swiss"]
[EventRounds "7"]
[EventCountry "BOT"]
[SourceTitle "CBM 140 Extra"]
[Source "ChessBase"]
[SourceDate "2011.03.01"]
[SourceVersion "1"]
[SourceVersionDate "2011.03.01"]
[SourceQuality "1"]

1. e4 e5 2. Nf3 Nc6 3. Bb5 a6 4. Ba4 Nf6 5. 0-0 Be7 6. Re1 b5 7. Bb3 d6 8. c3 0-0 9. h3 Na5 10. Bc2 c5 11. d4 Qc7 12. d5 c4 13. Nbd2 Nb7 14. Nf1 Nc5 15. g4 a5 16. Ng3 b4 17. Nf5 Re8 18. Nh2 Bf8 19. Bg5 Nfd7 20. Kh1 Ba6 21. Be3 Rec8 22. f4 g6 23. Nh4 exf4 24. Bxf4 Bg7 25. cxb4 axb4 26. Rb1 Bb5 27. N2f3 Rxa2 28. e5 dxe5 29. Bg3 Nd3 30. Bxd3 cxd3 31. Nd4 Qc4 32. Nxb5 Qxd5+ 33. Qf3 Qxb5 34. Ng2 Rc2 35. Rf1 f6 36. Ne3 Rcxb2 37. Rxb2 Rxb2 38. Qa8+ Nf8 39. Nd5 d2 0-1

[Event "Gaborone op"]
[Site "Gaborone"]
[Date "2010.12.12"]
[Round "7"]
[White "Notha, Moakofi"]
[Black "Khetho, Phemelo"]
[Result "1-0"]
[WhiteElo "2029"]
[BlackElo "2235"]
[PlyCount "81"]
[EventDate "2010.12.10"]
[EventType "swiss"]
[EventRounds "7"]
[EventCountry "BOT"]
[SourceTitle "CBM 140 Extra"]
[Source "ChessBase"]
[SourceDate "2011.03.01"]
[SourceVersion "1"]
[SourceVersionDate "2011.03.01"]
[SourceQuality "1"]

1. e4 c5 2. Nf3 g6 3. g3 Bg7 4. Bg2 Nc6 5. 0-0 e6 6. Re1 Nge7 7. d3 d5 8. e5 Qc7 9. Bf4 h6 10. h4 Bd7 11. Na3 a6 12. c3 0-0-0 13. d4 Rdg8 14. dxc5 g5 15. hxg5 Ng6 16. gxh6 Nxf4 17. hxg7 Rxg7 18. gxf4 Ne7 19. Kf1 Rhg8 20. Bh1 Qxc5 21. Qd4 Qc7 22. Ke2 Nf5 23. Qd2 Rh7 24. Rg1 Rgh8 25. Rae1 Qa5 26. c4 Qa4 27. Qc2 Qa5 28. cxd5+ Kb8 29. d6 Bc6 30. Qc3 Qa4 31. Nc4 Bd5 32. Rc1 Rc8 33. Nfd2 Qe8 34. Be4 Rh4 35. Bxf5 exf5 36. Qe3 Qa4 37. b3 Qb5 38. a4 Qb4 39. Nb6 Rxc1 40. Rg8+ Ka7 41. Ra8# 1-0

[Event "Gaborone Bill Doctor Year op"]
[Site "Gaborone"]
[Date "2010.01.24"]
[Round "7"]
[White "Notha, Moakofi"]
[Black "Mosenya, Ndawana"]
[Result "1/2-1/2"]
[WhiteElo "1981"]
[BlackElo "2045"]
[PlyCount "67"]
[EventDate "2010.01.22"]
[EventType "swiss"]
[EventRounds "7"]
[EventCountry "BOT"]
[SourceTitle "EXT 2019"]
[Source "ChessBase"]
[SourceDate "2018.10.10"]
[SourceVersion "1"]
[SourceVersionDate "2018.10.10"]
[SourceQuality "1"]

1. d4 Nf6 2. c4 e6 3. Nf3 d5 4. Nc3 c6 5. e3 Bb4 6. Bd3 dxc4 7. Bxc4 b5 8. Bd3 Bb7 9. 0-0 Nbd7 10. Bd2 a6 11. Ne4 Be7 12. Rc1 c5 13. Ng3 c4 14. Bb1 h5 15. Re1 h4 16. Nf1 Ne4 17. b3 Ba3 18. Rc2 c3 19. Rxc3 Nxc3 20. Bxc3 Rc8 21. Bd2 h3 22. g3 Qe7 23. e4 Bb4 24. Ne3 Bxd2 25. Qxd2 Qf6 26. Qe2 0-0 27. Ng4 Qg6 28. Nh4 Qh5 29. f4 Rc3 30. Qd2 Rfc8 31. Nf2 Nf8 32. Nxh3 Ng6 33. Nxg6 Qxg6 34. Ng5 1/2-1/2

[Event "Gaborone Bill Doctor Year op"]
[Site "Gaborone"]
[Date "2010.01.23"]
[Round "4"]
[White "Pitlagano, Tebogo"]
[Black "Notha, Moakofi"]
[Result "1-0"]
[WhiteElo "2137"]
[BlackElo "1981"]
[PlyCount "68"]
[EventDate "2010.01.22"]
[EventType "swiss"]
[EventRounds "7"]
[EventCountry "BOT"]
[SourceTitle "EXT 2019"]
[Source "ChessBase"]
[SourceDate "2018.10.10"]
[SourceVersion "1"]
[SourceVersionDate "2018.10.10"]
[SourceQuality "1"]

1. e4 c5 2. Nc3 Nc6 3. g3 e6 4. Bg2 d6 5. d3 Nf6 6. Nge2 Be7 7. f4 Qc7 8. Be3 Ng4 9. Bg1 h5 10. h3 Nf6 11. Qd2 a6 12. a4 0-0 13. Nd1 b6 14. Ne3 Bb7 15. g4 Nd4 16. g5 Nd7 17. h4 Rfc8 18. Bh2 b5 19. 0-0 g6 20. Nc1 Qb6 21. c3 Nc6 22. f5 Nce5 23. Qf2 Rf8 24. f6 Bd8 25. a5 Qa7 26. b4 cxb4 27. cxb4 Qd4 28. Rb1 Rc8 29. Rd1 Rc3 30. Ne2 Nxd3 31. Nxd4 Nxf2 32. Kxf2 Bc8 33. Rdc1 Rxc1 34. Rxc1 Bb7 1-0